| 000 | 00613nam a22002057a 4500 | ||
|---|---|---|---|
| 003 | MPLRDC | ||
| 005 | 20220105061120.0 | ||
| 008 | 210129b ||||| |||| 00| 0 eng d | ||
| 020 | _a957-545-456-1 | ||
| 082 | _a857.62 XCJTL-8 v.9 | ||
| 100 | _a西村京太郎 | ||
| 245 |
_a忘了唱歌的金丝雀 _c林达中 译 |
||
| 250 | _a再版 | ||
| 260 |
_a台湾 _b志文出版社 _c1997 |
||
| 300 | _b平 | ||
| 490 | _a新潮推理: 42 --西村京太郎推理系列之九 | ||
| 520 | _a上架 2017-11-16。 2018-10-30 弄湿--pg.上方(184)。 | ||
| 650 | _a推理小说 | ||
| 942 |
_cBK _o857.62 XCJTL-8 v.9 |
||
| 999 |
_c69032 _d69022 |
||